000 00632cam a22002291 4500
001 sa 68001555
003 DLC
005 20260227112434.0
008 941027s1967 ii c 000 0 gujo
010 _asa 68001555
025 _aPL480:I-Gu-918
035 _a(OCoLC)31368312
040 _aDLC
_cCU
_dCU
_dDLC
042 _apremarc
050 0 0 _aPK1858
_b.M3
100 1 _aMajamudāra, Mañjulāla Ra.
_q(Mañjulāla Raṇachoḍalāla),
_d1897-
245 1 0 _aDase āṅgaḷiye veḍha.
260 _c[1967]
300 _a59 (i.e. 56), 368 p.
_bports.
_c19 cm.
500 _aIn Gujarati.
650 0 _aShort stories, Gujarati.
999 _c78038
_d78038